000
00348pam a2200157a 44500
008
230515b1998 xxu||||| |||| 00| 0 eng d
020
_a
NULL
041
_a
ENGLISH
082
_a
NULL
100
_a
WRIGHT.G.
245
_a
HILL STATIONS OF INDIA
250
_a
1
260
_a
LONDON
_b
PENGUIN BOOKS LTD
_c
1998
300
_a
143
650
_a
NULL
999
_c
478110
_d
478110